000 00505nam a2200181Ia 4500
005 20250326130355.0
008 250326s9999 xx 000 0 und d
037 _aTextbook
040 _aFMSL
_beng
_cFMSL
041 _aeng
_2eng
084 _aX:8 K9
_qFMSL
100 _aMcleod T S
_9281662
245 0 _aManagement of research development desegion industries
_cMcleod T S
260 _aLondon
_bLondon, Gower
_c1969
300 _a260p
942 _cTB
_hX:8 K9
999 _c1282198
_d1282198